00533nam a22001697a 450000500170000000800410001701000140005802000230007203500130009503700150010804000120012308200100013524501040014526000380024927000460028730000300033320080618104238.0080618t xxu||||| |||| 00| 0 eng d aENG-90368 a8125035125c850.00 aEN-73901 bDBAD / PUB aDPLbEN a880.8 aNew bearings in English studies:cedited by R. Azhagarasan...[et al]ba festschrift for C T Indra / aNew Delhi bOrient Longman c2008 a1/24, Asaf Ali Raod, bNew Delhi e110002 axxvii, 243p. c25 cm (Hb)